ბათუმის შოთა რუსთაველის სახელმწიფო უნივერსიტეტის ბიბლიოთეკა

A Beginner's Guide to the Stock Market: Everything You Need to Start Making Money Today (ბიბ.ჩანაწერი № 62293)

000 -LEADER
fixed length control field 00632nam a22001817a 4500
005 - DATE AND TIME OF LATEST TRANSACTION
control field 20240919125853.0
008 - FIXED-LENGTH DATA ELEMENTS--GENERAL INFORMATION
fixed length control field 240919s2019 enk||||| |||| 00| 0 eng d
020 ## - INTERNATIONAL STANDARD BOOK NUMBER
International Standard Book Number 9781099617201x
041 ## - LANGUAGE CODE
Language code of text/sound track or separate title eng
080 ## - UNIVERSAL DECIMAL CLASSIFICATION NUMBER
Universal Decimal Classification number 338.22 K-81
100 ## - MAIN ENTRY--PERSONAL NAME
Personal name Kratter, Matthew R.
9 (RLIN) 23243
245 ## - TITLE STATEMENT
Title A Beginner's Guide to the Stock Market: Everything You Need to Start Making Money Today
Statement of responsibility, etc. Matthew R. Kratter.
264 ## - PRODUCTION, PUBLICATION, DISTRIBUTION, MANUFACTURE, AND COPYRIGHT NOTICE
Date of production, publication, distribution, manufacture, or copyright notice 2019.
300 ## - PHYSICAL DESCRIPTION
Extent 89 p.;
Other physical details 23 cm.
653 ## - INDEX TERM--UNCONTROLLED
keyword ფულის გამომუშავება საფონდო ბირჟაზე
653 ## - INDEX TERM--UNCONTROLLED
keyword ფინანსები
942 ## - ADDED ENTRY ELEMENTS (KOHA)
Source of classification or shelving scheme
Koha item type წიგნი
ეგზემპლარები
Withdrawn status Lost status Source of classification or shelving scheme Damaged status Not for loan Permanent Location Current Location Shelving location Date acquired Cost, normal purchase price Full call number Barcode Date last seen Copy number Price effective from Koha item type Public note
          ბათუმის შოთა რუსთაველის სახელმწიფო უნივერსიტეტის მთავარი ბიბლიოთეკა ბათუმის შოთა რუსთაველის სახელმწიფო უნივერსიტეტის მთავარი ბიბლიოთეკა წიგნსაცავი 2024-09-19 42.00 338.22 K-81 68880 2024-09-19 68880 2024-09-19 წიგნი 42 ლ.